000
00315nam a22001337a 4500
008
181012b xxu||||| |||| 00| 0 eng d
020
_a
9780127515410
041
_a
eng
080
_a
311
100
_a
55
101
_a
STA
245
_a
Applying Contemporary Statistical Techniques
_c
Wilcox, R.R
942
_2
udc
_c
BK
999
_c
49544
_d
49544